Estrategia nacional de monitoreo del Sistema de Parques Nacionales Naturales de Colombia / (Registro nro. 18984)

Detalles MARC
000 -CABECERA
Campo de control 01022nam a22002537a 4500
005 - FECHA Y HORA DE LA ULTIMA TRANSACCION
Campo de control 20160829160129.0
008 - ELEMENTOS DE LONGITUD FIJA—INFORMACION GENERAL
Campo de control 160829s2010 ck a||||r|||| 00| 0 spa d
020 ## - ISBN
ISBN 97895888426150
040 ## - FUENTE DE CATALOGACIÓN
Agencia catalogadora original CO-BoIAVH
Agencia transcriptora CO-BoIAVH
041 0# - IDIOMA
Código de idioma para texto/pista de sonido o título separado Español
044 ## - PAÍS DE PUBLICACIÓN
País de publicación Colombia
082 04 - NUMERO DE CLASIFICACION DECIMAL DEWEY
Número de clasificación 333.714
Número del ítem F63e
100 1# - ASIENTO PRINCIPAL--NOMBRE PERSONAL
Nombre personal Flórez, Natalia
Término relacionado autora
9 (RLIN) 4323
245 10 - MENCION DE TITULO
Título Estrategia nacional de monitoreo del Sistema de Parques Nacionales Naturales de Colombia /
Mención de responsabilidad Natalia Flórez Zambrano, Marco Pardo y Margarita Lopera
260 ## - PUBLICACION, DISTRIBUCION, ETC. (PIE DE IMPRENTA)
Lugar de publicación, distribución, etc. Bogotá, Colombia :
Nombre del editor, distribuidor, etc. Sistema de Parques Nacionales Naturales de Colombia,
Fecha de publicación, distribución, etc. 2010.
300 ## - DESCRIPCION FISICA
Extensión 44 páginas :
Otros detalles físicos ilustraciones ;
Dimensiones 21 x 20 cm. +
Material acompañante 1 plegable
504 ## - NOTA DE BIBLIOGRAFIA, ETC.
Nota de bibliografía Incluye referencias bibliográficas.
650 26 - ASIENTO SECUNDARIO DE MATERIA - TERMINO TEMATICO
Término temático o nombre geográfico como elemento de entrada Parques nacionales
Subdivisión general Vigilancia ambiental
Subdivisión geográfica Colombia
9 (RLIN) 75574
650 26 - ASIENTO SECUNDARIO DE MATERIA - TERMINO TEMATICO
Término temático o nombre geográfico como elemento de entrada Parques nacionales
Subdivisión general Monitoreo
Subdivisión geográfica Colombia
9 (RLIN) 75575
650 26 - ASIENTO SECUNDARIO DE MATERIA - TERMINO TEMATICO
Término temático o nombre geográfico como elemento de entrada Política ambiental
Subdivisión geográfica Colombia
9 (RLIN) 75576
700 1# - ASIENTO SECUNDARIO - NOMBRE PERSONAL
Nombre personal Pardo, Marco
Término de relación autor
9 (RLIN) 4367
700 1# - ASIENTO SECUNDARIO - NOMBRE PERSONAL
Nombre personal Lopera, Margarita
Término de relación autor
9 (RLIN) 4940
942 ## - ELEMENTOS ADICIONALES (KOHA)
Sistema de clasificación Dewey Decimal Classification
Tipo de ítem Libro
Existencias
Withdrawn status Lost status Sistema de Clasificación Damaged status No para préstamo Colección Inventariado Ubicación Permanente Ubicación actual Fecha de adquisición Fuente de Valor Valor Total Checkouts Número topográfico Inventario / Código de Barras Date last seen Ejemplar Price effective from Forma de adquisición Tipo de material Public note
    Dewey Decimal Classification     General Inventariado 2017 Bogotá Bogotá 29/08/2016 Instituto 39000.00   LB-333.714 F63e 040631 29/08/2016 Ej. 1 29/08/2016 Donación Libro Incluye plegable de la estrategia nacional de monitoreo (CID-040632).
    Dewey Decimal Classification     General Inventariado 2017 Sala Fabio Quevedo Sala Fabio Quevedo 27/02/2019 Instituto     LB-333.714 F63e 030412 27/02/2019 Ej. 2 27/02/2019 Donación Libro